Kiedy powstały obecne granice Polski? - Statystyki

Ogólne statystyki
  • Ten quiz został rozwiązany 56 razy
  • Średni wynik to 5 z 8
Statystyki odpowiedzi
Sąsiad Rok % Poprawnych
Niemcy 1945
100%
Ukraina 1945
100%
Białoruś 1945
100%
Litwa 1945
100%
Rosja 1945
100%
Czechy 1577
13%
Słowacja 1577
13%
Czechy 1635
11%
Nie znaleziono quizów pasujących do podanych kryteriów
Rozkład punktacji
Procent ludzi z każdym wynikiem
Percentyl według liczby udzielonych odpowiedzi
Twoja historia wyników
Nie rozwiązałeś tego quizu